[Event "Manavgat Turkey Cup"]
[Site "Manavgat"]
[Date "2015.02.02"]
[Round "4"]
[White "Albayrak, Mete"]
[Black "Demir, Halil Ibrahim"]
[Result "1-0"]
[WhiteElo "1809"]
[BlackElo "1531"]
[PlyCount "85"]
[EventDate "2015.01.31"]
[EventType "swiss"]
[EventRounds "11"]
[EventCountry "TUR"]
[SourceTitle "CBM 164 Extra"]
[Source "ChessBase"]
[SourceDate "2015.03.02"]
[SourceVersion "1"]
[SourceVersionDate "2015.03.02"]
[SourceQuality "1"]

1. e4 e5 2. Nf3 Nc6 3. Bb5 a6 4. Ba4 b5 5. Bb3 Nd4 6. Nxd4 exd4 7. 0-0 Bb7 8. d3 Bc5 9. Qh5 Qe7 10. Bxf7+ Kf8 11. Bxg8 Kxg8 12. Nd2 g6 13. Qh6 Qg7 14. Qxg7+ Kxg7 15. Nb3 Bb6 16. Bf4 Rhe8 17. a4 c5 18. a5 Ba7 19. Nd2 d5 20. f3 c4 21. Rae1 Rac8 22. exd5 Bxd5 23. Ne4 Bxe4 24. Rxe4 Rxe4 25. fxe4 cxd3 26. cxd3 Rc2 27. b4 Kf6 28. Rd1 h5 29. Bd6 Ke6 30. e5 g5 31. Rf1 Rd2 32. Rf6+ Kd5 33. Rf7 Rxd3 34. Rxa7 Re3 35. Kf2 Re4 36. Rc7 d3 37. Rc1 Re2+ 38. Kf1 Ke4 39. Re1 Rxe1+ 40. Kxe1 Ke3 41. e6 d2+ 42. Kd1 Kf2 43. e7 1-0

[Event "Manavgat Turkey Cup"]
[Site "Manavgat"]
[Date "2015.01.31"]
[Round "1"]
[White "Duran, Kadir"]
[Black "Albayrak, Mete"]
[Result "0-1"]
[WhiteElo "1259"]
[BlackElo "1809"]
[PlyCount "122"]
[EventDate "2015.01.31"]
[EventType "swiss"]
[EventRounds "11"]
[EventCountry "TUR"]
[SourceTitle "CBM 164 Extra"]
[Source "ChessBase"]
[SourceDate "2015.03.02"]
[SourceVersion "1"]
[SourceVersionDate "2015.03.02"]
[SourceQuality "1"]

1. e4 c5 2. Nf3 d6 3. d4 cxd4 4. Nxd4 Nf6 5. Nc3 a6 6. Be2 e6 7. Bg5 Be7 8. 0-0 b5 9. a3 Bb7 10. Bf3 Nbd7 11. Re1 0-0 12. Qd2 Rc8 13. Rac1 Qc7 14. Qe3 Ne5 15. Qf4 Nc4 16. Qh4 Nxb2 17. Nce2 Nc4 18. Ra1 Ne5 19. Rec1 Nxf3+ 20. gxf3 d5 21. e5 Qxe5 22. Kh1 Qc7 23. Rg1 Rfe8 24. Bxf6 Bxf6 25. Qxf6 g6 26. h4 Qe7 27. Qe5 Qxh4+ 28. Kg2 f6 29. Qe3 e5 30. Nb3 d4 31. Qd3 e4 32. Qxd4 exf3+ 33. Kf1 fxe2+ 34. Ke1 Qxd4 35. Nxd4 Kf7 36. Rg3 Rc5 37. Rh3 h5 38. c3 Rg5 39. Kd2 Rg2 40. Re3 Rxf2 41. Re1 Rxe3 42. Kxe3 Rf1 43. Rxe2 Ra1 44. Nc2 Rd1 45. Nd4 Bd5 46. Nc2 Bc4 47. Rd2 Rxd2 48. Kxd2 h4 49. Ke1 g5 50. Kf2 Ke6 51. Ne3 f5 52. Kg2 Ke5 53. Kf2 h3 54. Kg1 Ke4 55. Nd1 g4 56. Kh2 Kf3 57. Kg1 g3 58. Nb2 h2+ 59. Kh1 Kf2 60. Nxc4 g2+ 61. Kxh2 g1Q+ 0-1

[Event "TUR-ch"]
[Site "Kemer"]
[Date "2012.01.31"]
[Round "5"]
[White "Metin, Oguz"]
[Black "Albayrak, Mete"]
[Result "1-0"]
[WhiteElo "2005"]
[BlackElo "1767"]
[PlyCount "99"]
[EventDate "2012.01.29"]
[EventType "swiss"]
[EventRounds "10"]
[EventCountry "TUR"]
[SourceTitle "CBM 146 Extra"]
[Source "ChessBase"]
[SourceDate "2012.02.29"]
[SourceVersion "1"]
[SourceVersionDate "2012.02.29"]
[SourceQuality "1"]

1. d4 d5 2. c4 e6 3. Nc3 Nf6 4. Nf3 Be7 5. Bg5 h6 6. Bh4 0-0 7. Rc1 b6 8. e3 Bb7 9. cxd5 Nxd5 10. Bxe7 Qxe7 11. Bd3 Nd7 12. Nxd5 Bxd5 13. Rxc7 Qb4+ 14. Qd2 Qd6 15. Rc3 Nf6 16. Qe2 Ne4 17. Bxe4 Bxe4 18. 0-0 Qd5 19. a3 f5 20. Nh4 f4 21. exf4 Rxf4 22. g3 Rf6 23. Re3 Bh7 24. Ng2 Qxd4 25. Nf4 Rxf4 26. gxf4 Qxf4 27. Qf3 Qxf3 28. Rxf3 Be4 29. Rc3 Bd5 30. Rfc1 Kf7 31. Rc8 Rxc8 32. Rxc8 Kf6 33. Kf1 b5 34. Ke2 a5 35. Ke3 a4 36. Kd4 Kf5 37. Rc5 Kf4 38. Rxd5 exd5 39. Kxd5 Kf3 40. Kc5 Kxf2 41. Kxb5 Kg2 42. Kxa4 Kxh2 43. b4 g5 44. b5 g4 45. b6 g3 46. b7 g2 47. b8Q+ Kg1 48. Qb6+ Kf1 49. Qxh6 g1Q 50. Qc1+ 1-0